| 000 | 00446nam a2200181Ia 4500 | ||
|---|---|---|---|
| 005 | 20250220053752.0 | ||
| 008 | 240331s9999 xx 000 0 und d | ||
| 082 |
_bKAM _2845 _a954 |
||
| 100 | _aKamaliah, K. C | ||
| 245 | 0 | _aThamilakak Kalai Varalaru | |
| 260 |
_aChennai _bManivaasakar Publishers _c1988 |
||
| 300 | _axii, 224 p., | ||
| 650 | _aTamil | ||
| 650 | _aTamil History | ||
| 650 | _aTamil Arts | ||
| 650 | _aLiterature | ||
| 942 | _cL | ||
| 999 |
_c4276 _d4276 |
||